Intermediate microeconomics : a modern approach./ (Record no. 257)

MARC details
000 -LEADER
fixed length control field 01039nam a22001697a 4500
008 - FIXED-LENGTH DATA ELEMENTS--GENERAL INFORMATION
fixed length control field 111110t xxu||||| |||| 00| 0 eng d
020 ## - INTERNATIONAL STANDARD BOOK NUMBER
International Standard Book Number 0393960250
050 ## - LIBRARY OF CONGRESS CALL NUMBER
Classification number HB171.U34
100 ## - MAIN ENTRY--PERSONAL NAME
Personal name Varian, Hal R.
245 ## - TITLE STATEMENT
Title Intermediate microeconomics : a modern approach./
Statement of responsibility, etc. Hal, R Varian.
260 ## - PUBLICATION, DISTRIBUTION, ETC.
Place of publication, distribution, etc. New York,
Name of publisher, distributor, etc. Norton & Company:
Date of publication, distribution, etc. 1987.
300 ## - PHYSICAL DESCRIPTION
Extent xviii, 599 p.
Other physical details ill.
Dimensions 23cm.
500 ## - GENERAL NOTE
General note Includes index.
505 ## - FORMATTED CONTENTS NOTE
Formatted contents note Contents: The Market -- Budget constraint -- Preferences -- Utility -- Choice -- Demand -- Revealed preference -- Slutsky equation -- Buying and selling -- Intertemporal choice -- Asset Markets -- Uncertainty -- Risky Assets -- Consumer's surplus -- Market demand -- Equilibrium -- Technology -- Profit maximization -- Cost minimization -- Cost Curves -- Firm supply -- Industry supply -- Monopoly -- Factor markets -- Oligopoly -- Game theory -- Exchange -- Production -- Welfare -- Externalities -- Public Goods -- Information -- Mathematical appendix -- Answers.
650 ## - SUBJECT ADDED ENTRY--TOPICAL TERM
Topical term or geographic name entry element Microeconomics.
942 ## - ADDED ENTRY ELEMENTS (KOHA)
Source of classification or shelving scheme Library of Congress Classification
Koha item type Books
Holdings
Withdrawn status Lost status Source of classification or shelving scheme Damaged status Not for loan Home library Current library Shelving location Date acquired Total Checkouts Full call number Barcode Date last seen Copy number Price effective from Koha item type
    Library of Congress Classification     WISCONSIN INTERNATIONAL UNIVERSITY COLLEGE, GHANA - MAIN LIBRARY WISCONSIN INTERNATIONAL UNIVERSITY COLLEGE, GHANA - MAIN LIBRARY General Stacks 10/11/2011   HB171.U34 733/11 10/11/2011 1 10/11/2011 Books

If you have any concerns or questions; kindly contact the library


© Powered by WIUC ICT DIRECTORATE